000 00310nam a2200145Ia 4500
999 _c14082
_d14082
003 OSt
005 20260316132031.0
008 260210s9999 xx 000 0 und d
020 _a9783741914003
082 _a635.9/7749
100 _aSchleifer
245 0 _aBamboo
260 _bKonemann
942 _cBDES
_2ddc